000 00600nam a2200193Ia 4500
003 GCL
008 140319s9999 xx 000 0 ara d
040 _aGCL /
_cGCL
082 0 4 _a371.333
_bف و
100 1 _aفتح الباب عبدالحليم سيد
245 1 0 _aوسائل التعليم والاعلام /
_cفتح الباب عبدالحليم سيد
700 1 _aابراهيم حفظ الله
260 _a[S.N] :
_bعالم الكتب الحديث ،
_c1985
300 _a380
490 _a
650 0 4 _aالتعليم
650 0 4 _aوسائل الاعلام
942 _2ddc
_cBK
999 _c31534
_d31534